000 03304nam0a2200409 4500
001 RU\NLR\BIBL_A\022683547
005 20260608145911.0
010 _a978-5-86002-293-5
021 _aRU
_bКН-П-25-066112
_9КН-П-25-6398
035 _a(NLR Aleph) 022683547
090 _a13696269
_c13696269
100 _a20251209d2020 u y0rusy50 ca
101 0 _arus
102 _aRU
105 _ay z 000yy
181 0 _ai4
_baxxe
182 0 _an
200 1 _aСовершенствование взаимодействия учреждений наркологической службы и первичного звена здравоохранения в вопросах оказания помощи по снижению потребления алкоголя
_eметодические рекомендации
_eдля сотрудников администрации медицинских организаций, врачей общего профиля, врачей-специалистов, включая врачей-психиатров-наркологов, врачей-психотерапевтов, медицинских психологов и средний медицинский персонал
_fдоктор медицинских наук, профессор Т. В. Клименко, доктор медицинских наук, профессор Г. А. Корчагина, кандидат психологических наук Е. В. Фадеева [и др.]
_gФГБУ "Национальный медицинский исследовательский центр психиатрии и наркологии имени В. П. Сербского" Министерства здравоохранения Российской Федерации
203 _aТекст
_bвизуальный
_cнепосредственный
210 _aМосква
_cНациональный медицинский исследовательский центр психиатрии и наркологии имени В. П. Сербского
_d2020
215 _a28 с.
_d21
225 1 _aПсихиатрия и наркология
_v226
300 _aАвт. указаны на обороте тит. с. и обл.
320 _aБиблиогр. в тексте
606 1 _aНаркологическая помощь
_yРоссийская Федерация
_jМетодические пособия
_2nlr_sh2
_3RU\NLR\AUTH\661437352
606 1 _aАлкоголизм
_xБорьба с ним
_jМетодические пособия
_2nlr_sh1
_2nlr_sh2
_3RU\NLR\AUTH\6622874
686 1 _aР11(2)286.18я8
686 1 _aР645.11-5я8
701 1 _aКлименко
_bТ. В.
_gТатьяна Валентиновна
701 1 _aКорчагина
_bГ. А.
_gГалина Александровна
701 1 _aФадеева
_bЕ. В.
_gЕвгения Владимировна
712 0 2 _aНациональный медицинский исследовательский центр психиатрии и наркологии им. В. П. Сербского
_cМосква
_3RU\NLR\AUTH\880458683
_4475
942 _cBOOK
980 _aNB